[Event "BI-2012-F-00006"]
[Site "LSS email"]
[Date "2013.02.15"]
[Round "?"]
[White "Caldwell, Justin"]
[Black "Borisovs, Leonids"]
[Result "0-1"]
[WhiteElo "1942"]
[BlackElo "2128"]
[PlyCount "42"]
[EventDate "2013.02.20"]
[EventType "tourn (corr)"]
[EventRounds "10"]
[EventCountry "GER"]
[SourceTitle "Telechess CBM 167"]
[Source "ChessBase"]
[SourceDate "2015.07.13"]
[SourceVersion "1"]
[SourceVersionDate "2015.07.13"]
[SourceQuality "1"]

1. e4 c5 2. c3 Nf6 3. e5 Nd5 4. d4 cxd4 5. Nf3 Nc6 6. cxd4 d6 7. Bc4 e6 8. 0-0 Be7 9. Bd2 0-0 10. Nc3 dxe5 11. dxe5 Nxc3 12. Bxc3 b6 13. Qe2 Bb7 14. Bd3 Rc8 15. Rfd1 Qc7 16. Qe4 g6 17. Qf4 Rfd8 18. Ng5 Bxg5 19. Qxg5 Rd5 20. Be4 Rxd1+ 21. Rxd1 Ne7 0-1

[Event "BI-2012-F-00006"]
[Site "LSS email"]
[Date "2013.02.15"]
[Round "?"]
[White "Caldwell, Justin"]
[Black "Bulgarini Torre, Marco"]
[Result "0-1"]
[WhiteElo "2134"]
[BlackElo "2002"]
[PlyCount "24"]
[EventDate "2013.02.20"]
[EventType "tourn (corr)"]
[EventRounds "10"]
[EventCountry "GER"]
[SourceTitle "Corr 2022"]
[Source "ChessBase"]
[SourceDate "2021.10.24"]
[SourceVersion "1"]
[SourceVersionDate "2021.10.24"]
[SourceQuality "1"]

1. e4 e6 2. d4 d5 3. Nc3 Bb4 4. e5 c5 5. a3 Bxc3+ 6. bxc3 Qa5 7. Bd2 Qa4 8. Qg4 g6 9. Qd1 b6 10. Nf3 Ba6 11. Bxa6 Qxa6 12. h4 h6 0-1

[Event "OP-2012-0-02568"]
[Site "LSS email"]
[Date "2012.12.30"]
[Round "?"]
[White "Caldwell, Justin"]
[Black "Loginov, Pavel"]
[Result "0-1"]
[WhiteElo "1942"]
[BlackElo "1918"]
[PlyCount "64"]
[EventDate "2012.12.26"]
[EventType "tourn (corr)"]
[EventRounds "4"]
[EventCountry "GER"]
[SourceTitle "Telechess CBM 163"]
[Source "ChessBase"]
[SourceDate "2014.11.11"]
[SourceVersion "2"]
[SourceVersionDate "2014.11.11"]
[SourceQuality "1"]

1. e4 c5 2. Nf3 d6 3. d4 cxd4 4. Nxd4 Nf6 5. Nc3 a6 6. Be3 e5 7. Nb3 Be6 8. f3 Be7 9. Qd2 0-0 10. 0-0-0 Nbd7 11. g4 b5 12. g5 Nh5 13. Nd5 Bxd5 14. exd5 f5 15. gxf6 Bxf6 16. Na5 Nf4 17. Kb1 Nb6 18. Nc6 Qc7 19. Bxf4 exf4 20. c3 Rae8 21. Rg1 Re3 22. Rg4 Rxf3 23. Bd3 g5 24. Qg2 Rxd3 25. Rxd3 Qg7 26. Qe4 h5 27. Rg1 Qh7 28. Qe2 Qg6 29. Re1 Nc4 30. Qd1 g4 31. Re6 Re8 32. Qc2 Rxe6 0-1

[Event "OP-2012-0-02568"]
[Site "LSS email"]
[Date "2012.12.30"]
[Round "?"]
[White "Caldwell, Justin"]
[Black "Ress, Jacques"]
[Result "0-1"]
[WhiteElo "1942"]
[BlackElo "2137"]
[PlyCount "67"]
[EventDate "2012.12.26"]
[EventType "tourn (corr)"]
[EventRounds "4"]
[EventCountry "GER"]
[SourceTitle "Telechess CBM 163"]
[Source "ChessBase"]
[SourceDate "2014.11.11"]
[SourceVersion "2"]
[SourceVersionDate "2014.11.11"]
[SourceQuality "1"]

1. e4 e6 2. d4 d5 3. Nc3 Nf6 4. Bg5 Bb4 5. e5 h6 6. Bd2 Bxc3 7. bxc3 Ne4 8. Qg4 Kf8 9. h4 c5 10. Rh3 Nc6 11. Bd3 Nxd2 12. Kxd2 c4 13. Be2 b5 14. Qf4 Bd7 15. Bh5 Be8 16. Ne2 a5 17. g4 b4 18. Rah1 Ra7 19. g5 Ne7 20. Rg1 Qb6 21. g6 Nf5 22. gxf7 Bxf7 23. Bg4 bxc3+ 24. Rxc3 Bg6 25. h5 Bh7 26. Bxf5 Bxf5 27. Ng3 Rf7 28. Qh4 Bh7 29. Rb1 Rxf2+ 30. Ke3 Qxb1 31. Qd8+ Kf7 32. Qd7+ Kg8 33. Qxe6+ Rf7 34. Qe8+ 0-1

[Event "OP-2012-0-02514"]
[Site "LSS email"]
[Date "2012.12.06"]
[Round "?"]
[White "Huerga, Aser"]
[Black "Caldwell, Justin"]
[Result "1/2-1/2"]
[WhiteElo "1787"]
[BlackElo "2063"]
[PlyCount "47"]
[EventDate "2012.11.22"]
[EventType "tourn (corr)"]
[EventRounds "4"]
[EventCountry "GER"]
[SourceTitle "Telechess CBM 163"]
[Source "ChessBase"]
[SourceDate "2014.11.11"]
[SourceVersion "2"]
[SourceVersionDate "2014.11.11"]
[SourceQuality "1"]

1. e4 c5 2. Nf3 Nc6 3. d4 cxd4 4. Nxd4 e6 5. Nc3 Qc7 6. Be3 a6 7. Qd2 Nf6 8. 0-0-0 Be7 9. f3 0-0 10. g4 b5 11. g5 Nh5 12. Nce2 Rd8 13. Ng3 Nxd4 14. Qxd4 Nf4 15. h4 Bb7 16. Qb6 Qb8 17. Kb1 d5 18. Bxf4 Qxf4 19. Qxb7 Bc5 20. exd5 Qxg3 21. Bd3 Rdb8 22. Bxh7+ Kf8 23. Qc6 Rc8 24. Qb7 1/2-1/2

[Event "OP-2012-0-02484"]
[Site "LSS email"]
[Date "2012.11.06"]
[Round "?"]
[White "Vontina, Maria"]
[Black "Caldwell, Justin"]
[Result "0-1"]
[WhiteElo "621"]
[BlackElo "2065"]
[PlyCount "54"]
[EventDate "2012.11.02"]
[EventType "tourn (corr)"]
[EventRounds "4"]
[EventCountry "GER"]
[SourceTitle "Telechess CBM 159"]
[Source "ChessBase"]
[SourceDate "2014.03.17"]
[SourceVersion "1"]
[SourceVersionDate "2014.03.17"]
[SourceQuality "1"]

1. e4 c6 2. d4 d5 3. exd5 cxd5 4. c4 Nf6 5. Nc3 e6 6. Bg5 Be7 7. Nf3 0-0 8. Bd3 dxc4 9. Bxc4 a6 10. 0-0 b5 11. Bb3 Bb7 12. Qe2 Nc6 13. a3 Nxd4 14. Nxd4 Qxd4 15. Rad1 Qb6 16. Be3 Qc6 17. f3 Bxa3 18. Bc1 Bd6 19. Rfe1 Rfd8 20. Be3 Qc7 21. Qf2 Bxh2+ 22. Kh1 Bg3 23. Bb6 Qf4 24. Rxd8+ Rxd8 25. Qe2 Qh4+ 26. Kg1 Nh5 27. Rd1 Bh2+ 0-1

[Event "BI-2012-P-00011"]
[Site "LSS email"]
[Date "2012.04.20"]
[Round "?"]
[White "Caldwell, Justin"]
[Black "Galvin, John H"]
[Result "1/2-1/2"]
[WhiteElo "2063"]
[BlackElo "1888"]
[PlyCount "57"]
[EventDate "2012.04.22"]
[EventType "tourn (corr)"]
[EventRounds "10"]
[EventCountry "GER"]
[SourceTitle "Telechess CBM 165"]
[Source "ChessBase"]
[SourceDate "2015.03.11"]
[SourceVersion "1"]
[SourceVersionDate "2015.03.11"]
[SourceQuality "1"]

1. e4 c5 2. c3 Nf6 3. e5 Nd5 4. d4 cxd4 5. Nf3 d6 6. cxd4 Nc6 7. Bc4 Nb6 8. Bb3 dxe5 9. Nxe5 Nxe5 10. dxe5 Qxd1+ 11. Bxd1 Bf5 12. Nc3 e6 13. 0-0 0-0-0 14. Be2 Bc5 15. Bg5 Rd7 16. Nb5 Kb8 17. Rfd1 Rc8 18. Rxd7 Nxd7 19. Nd6 Bxd6 20. exd6 f6 21. Be3 Rc2 22. Bb5 Kc8 23. b4 Nb6 24. a4 e5 25. a5 Nd5 26. Bxa7 Nxb4 27. Rd1 Nc6 28. Bb6 Kd7 29. Bc7 1/2-1/2

[Event "BI-2011-F-00008"]
[Site "LSS email"]
[Date "2012.02.12"]
[Round "?"]
[White "Caldwell, Justin"]
[Black "Moreira, Carlos Alberto Lima"]
[Result "1-0"]
[WhiteElo "2097"]
[BlackElo "1719"]
[PlyCount "77"]
[EventDate "2012.02.15"]
[EventType "tourn (corr)"]
[EventRounds "10"]
[EventCountry "GER"]
[SourceTitle "Telechess CBM 153"]
[Source "ChessBase"]
[SourceDate "2013.03.14"]
[SourceVersion "1"]
[SourceVersionDate "2013.03.14"]
[SourceQuality "1"]

1. e4 e5 2. f4 exf4 3. Nf3 d6 4. d4 g5 5. h4 g4 6. Ng1 Bh6 7. Nc3 Nc6 8. Nge2 f3 9. Nf4 Nf6 10. Nfd5 Bxc1 11. Rxc1 Nxd5 12. Nxd5 fxg2 13. Bxg2 0-0 14. c3 f5 15. Qd2 fxe4 16. Qh6 Kh8 17. Rc2 Ne7 18. Nf6 Rf7 19. Nxe4 Nf5 20. Qh5 Rg7 21. 0-0 Ne3 22. Rf4 Nxc2 23. Ng5 Qg8 24. Be4 Be6 25. Rf6 Ne1 26. Nxe6 Re7 27. Bg6 Nf3+ 28. Kg2 Rae8 29. Bxe8 Rxe8 30. d5 Rc8 31. Qh6 Re8 32. Rf5 Nxh4+ 33. Qxh4 Qg6 34. Qf2 h5 35. Rf6 Qe4+ 36. Kg1 Qe5 37. Rh6+ Kg8 38. Rg6+ Kh8 39. Kf1 1-0

[Event "BI-2011-F-00008"]
[Site "LSS email"]
[Date "2012.02.12"]
[Round "?"]
[White "Nenciulescu, Silviu Catalin"]
[Black "Caldwell, Justin"]
[Result "1/2-1/2"]
[WhiteElo "2059"]
[BlackElo "2097"]
[PlyCount "46"]
[EventDate "2012.02.15"]
[EventType "tourn (corr)"]
[EventRounds "10"]
[EventCountry "GER"]
[SourceTitle "Telechess CBM 153"]
[Source "ChessBase"]
[SourceDate "2013.03.14"]
[SourceVersion "1"]
[SourceVersionDate "2013.03.14"]
[SourceQuality "1"]

1. d4 d5 2. c4 c6 3. Nf3 Nf6 4. cxd5 cxd5 5. Nc3 Nc6 6. Bf4 a6 7. Rc1 Bf5 8. e3 Rc8 9. Be2 e6 10. 0-0 Bd6 11. Bxd6 Qxd6 12. Na4 0-0 13. Nc5 Rc7 14. Qb3 Qe7 15. Rc3 Bg4 16. Rfc1 e5 17. dxe5 Nxe5 18. Nxe5 Bxe2 19. Ncd3 Rfc8 20. h3 h6 21. Rxc7 Rxc7 22. Rc3 Bxd3 23. Nxd3 Qd7 1/2-1/2

[Event "BI-2011-P-00033"]
[Site "LSS email"]
[Date "2011.04.17"]
[Round "?"]
[White "Caldwell, Justin"]
[Black "Ausan, Leo Tito Jr"]
[Result "1-0"]
[WhiteElo "2144"]
[BlackElo "1192"]
[PlyCount "63"]
[EventDate "2011.04.20"]
[EventType "tourn (corr)"]
[EventRounds "10"]
[EventCountry "GER"]
[SourceTitle "Telechess CBM 157"]
[Source "ChessBase"]
[SourceDate "2013.11.12"]
[SourceVersion "1"]
[SourceVersionDate "2013.11.12"]
[SourceQuality "1"]

1. e4 e5 2. Nf3 Nc6 3. Bb5 Nge7 4. 0-0 g6 5. c3 Bg7 6. d4 0-0 7. d5 a6 8. Be2 Nb8 9. d6 Nec6 10. Bg5 f6 11. Be3 b6 12. a4 Bb7 13. Nbd2 a5 14. Nc4 Na6 15. dxc7 Qxc7 16. Bxb6 Qc8 17. Nd6 Qb8 18. Qd5+ Kh8 19. Nf7+ Rxf7 20. Qxf7 Qe8 21. Qxe8+ Rxe8 22. Rfd1 Nab8 23. Nd2 Ba6 24. Bxa6 Nxa6 25. Nc4 Ncb8 26. Nxa5 Re6 27. Be3 h5 28. b4 Bf8 29. b5 Nc5 30. Bxc5 Bxc5 31. Nb7 Be7 32. a5 1-0

[Event "BI-2011-P-00033"]
[Site "LSS email"]
[Date "2011.04.17"]
[Round "?"]
[White "Nikel, Bogdan"]
[Black "Caldwell, Justin"]
[Result "1/2-1/2"]
[WhiteElo "1983"]
[BlackElo "2144"]
[PlyCount "57"]
[EventDate "2011.04.20"]
[EventType "tourn (corr)"]
[EventRounds "10"]
[EventCountry "GER"]
[SourceTitle "Telechess CBM 157"]
[Source "ChessBase"]
[SourceDate "2013.11.12"]
[SourceVersion "1"]
[SourceVersionDate "2013.11.12"]
[SourceQuality "1"]

1. e4 c5 2. Nc3 Nc6 3. f4 g6 4. Nf3 Bg7 5. Bb5 Nd4 6. 0-0 a6 7. Bd3 d6 8. Nxd4 cxd4 9. Ne2 Nf6 10. c3 dxc3 11. dxc3 0-0 12. Kh1 b5 13. Nd4 Bb7 14. Qe2 Nd7 15. Nb3 Nc5 16. Nxc5 dxc5 17. Be3 Qc7 18. Qf2 Rac8 19. Rad1 Rfd8 20. f5 Rxd3 21. Rxd3 Bxe4 22. Bf4 Qc6 23. Rg3 Bxf5 24. Bh6 e6 25. Bxg7 Kxg7 26. Kg1 Qd5 27. Re3 h5 28. Ra1 Rd8 29. a3 1/2-1/2

[Event "BI-2010-F-00002"]
[Site "LSS email"]
[Date "2011.02.21"]
[Round "?"]
[White "Salzmann, Stefan"]
[Black "Caldwell, Justin"]
[Result "1/2-1/2"]
[WhiteElo "2153"]
[BlackElo "2144"]
[PlyCount "39"]
[EventDate "2011.02.24"]
[EventType "tourn (corr)"]
[EventRounds "10"]
[EventCountry "GER"]
[SourceTitle "Telechess CBM 157"]
[Source "ChessBase"]
[SourceDate "2013.11.12"]
[SourceVersion "1"]
[SourceVersionDate "2013.11.12"]
[SourceQuality "1"]

1. d4 d5 2. c4 c6 3. Nf3 Nf6 4. Nc3 a6 5. e3 b5 6. c5 Nbd7 7. a3 Qc7 8. b4 e5 9. dxe5 Nxe5 10. Nxe5 Qxe5 11. Bb2 Be7 12. Na4 Qe4 13. Nb6 Rb8 14. Nxc8 Rxc8 15. Qd4 0-0 16. f3 Qe6 17. Qe5 Qxe5 18. Bxe5 Nd7 19. Bd4 f5 20. Bd3 1/2-1/2

[Event "LSS WC-2013-S-00009"]
[Site "LSS email"]
[Date "2010.07.20"]
[Round "?"]
[White "Caldwell, Justin"]
[Black "Engelhard, Christof"]
[Result "1/2-1/2"]
[WhiteElo "2144"]
[BlackElo "2183"]
[PlyCount "77"]
[EventDate "2010.07.25"]
[EventType "tourn (corr)"]
[EventRounds "12"]
[EventCountry "GER"]
[SourceTitle "Telechess CBM 149"]
[Source "ChessBase"]
[SourceDate "2012.07.17"]
[SourceVersion "1"]
[SourceVersionDate "2012.07.17"]
[SourceQuality "1"]

1. d4 d5 2. c4 e6 3. Nf3 Nf6 4. g3 dxc4 5. Bg2 Nc6 6. Qa4 Bd7 7. Qxc4 Na5 8. Qd3 c5 9. 0-0 Bc6 10. Nc3 Be7 11. Rd1 0-0 12. e4 cxd4 13. Nxd4 Bc5 14. Be3 Qe7 15. Rac1 Bb6 16. Qe2 Rfd8 17. Nxc6 Nxc6 18. Bxb6 axb6 19. e5 Nd7 20. f4 Nc5 21. Qb5 Qc7 22. b4 Nxb4 23. Qxb4 Nd3 24. Rxd3 Rxd3 25. Ne2 Qd7 26. Qxb6 Rd1+ 27. Rxd1 Qxd1+ 28. Bf1 g6 29. Qb3 Qd7 30. Kf2 b5 31. Bg2 Ra4 32. Bf3 b4 33. Kg2 Qa7 34. h4 h5 35. Qc4 Kg7 36. Qb5 Kh7 37. Kf1 Rxa2 38. Qxb4 Qe3 39. Qb7 1/2-1/2

[Event "LSS WC-2013-S-00009"]
[Site "LSS email"]
[Date "2010.07.20"]
[Round "?"]
[White "Vujadinovic, Milan"]
[Black "Caldwell, Justin"]
[Result "1/2-1/2"]
[WhiteElo "2030"]
[BlackElo "2181"]
[PlyCount "45"]
[EventDate "2010.07.25"]
[EventType "tourn (corr)"]
[EventRounds "12"]
[EventCountry "GER"]
[SourceTitle "Telechess CBM 143"]
[Source "ChessBase"]
[SourceDate "2011.07.15"]
[SourceVersion "1"]
[SourceVersionDate "2011.07.15"]
[SourceQuality "1"]

1. d4 d5 2. Nf3 Nf6 3. e3 e6 4. Bd3 c5 5. b3 Nc6 6. 0-0 Bd6 7. Bb2 0-0 8. Nbd2 Qe7 9. Ne5 cxd4 10. exd4 Ba3 11. Bxa3 Qxa3 12. c3 Nxe5 13. dxe5 Nd7 14. Re1 Qe7 15. c4 b6 16. cxd5 exd5 17. Rc1 Nc5 18. Nf3 Bg4 19. h3 Nxd3 20. Qxd3 Bxf3 21. Qxf3 Qd7 22. Red1 Rad8 23. Qg4 1/2-1/2

[Event "LSS BI-2010-P-00008"]
[Site "LSS email"]
[Date "2010.04.19"]
[Round "?"]
[White "Bester, Kazimierz"]
[Black "Caldwell, Justin"]
[Result "0-1"]
[WhiteElo "702"]
[BlackElo "2184"]
[PlyCount "78"]
[EventDate "2010.04.22"]
[EventType "tourn (corr)"]
[EventRounds "10"]
[EventCountry "GER"]
[SourceTitle "Telechess CBM 147"]
[Source "ChessBase"]
[SourceDate "2012.03.16"]
[SourceVersion "1"]
[SourceVersionDate "2012.03.16"]
[SourceQuality "1"]

1. f4 g6 2. Nf3 Bg7 3. e3 d5 4. Be2 Nf6 5. 0-0 0-0 6. Qe1 c5 7. Qh4 Nc6 8. a3 Bf5 9. d3 Qd6 10. h3 e5 11. Nc3 e4 12. Ne1 d4 13. Nb5 Qd7 14. a4 a6 15. Na3 dxe3 16. Bxe3 Nd4 17. Bd1 Nd5 18. Bc1 Bf6 19. Qg3 e3 20. Bxe3 Nxe3 21. Qxe3 Nb3 22. cxb3 Bd4 23. Qxd4 Qxd4+ 24. Kh1 Qxb2 25. Nec2 Bxd3 26. Rb1 Qa2 27. Ra1 Qxb3 28. Rb1 Qxa4 29. Rf3 Rfd8 30. Rxb7 Bb5 31. Nxb5 Rxd1+ 32. Kh2 Qxc2 33. Nc7 Rad8 34. Nxa6 R8d2 35. Rg3 Qc1 36. Rg5 Rh1+ 37. Kg3 Qe1+ 38. Kf3 Rf1+ 39. Kg4 Rxg2# 0-1

[Event "LSS BI-2010-P-00008"]
[Site "LSS email"]
[Date "2010.04.19"]
[Round "?"]
[White "Cabrera Trujillo, Claudio Tomas"]
[Black "Caldwell, Justin"]
[Result "0-1"]
[WhiteElo "1046"]
[BlackElo "2184"]
[PlyCount "48"]
[EventDate "2010.04.22"]
[EventType "tourn (corr)"]
[EventRounds "10"]
[EventCountry "GER"]
[SourceTitle "Telechess CBM 147"]
[Source "ChessBase"]
[SourceDate "2012.03.16"]
[SourceVersion "1"]
[SourceVersionDate "2012.03.16"]
[SourceQuality "1"]

1. d4 Nf6 2. c4 e6 3. Nc3 Bb4 4. e3 0-0 5. Bd3 d5 6. Nge2 dxc4 7. Bxc4 e5 8. 0-0 Nc6 9. Qb3 Bd6 10. Bd3 exd4 11. exd4 Nb4 12. Qd1 c6 13. h3 Be6 14. Bg5 h6 15. Be3 Qc7 16. Rc1 Rad8 17. a3 Nxd3 18. Qxd3 Rfe8 19. Kh1 Qd7 20. Nf4 Bf5 21. Qd2 g5 22. Nd3 Bxh3 23. Ne2 Qg4 24. Rg1 Qh4 0-1

[Event "LSS BI-2010-P-00008"]
[Site "LSS email"]
[Date "2010.04.19"]
[Round "?"]
[White "Caldwell, Justin"]
[Black "Malmstroem, Jan"]
[Result "1-0"]
[WhiteElo "2178"]
[BlackElo "1863"]
[PlyCount "113"]
[EventDate "2010.04.22"]
[EventType "tourn (corr)"]
[EventRounds "10"]
[EventCountry "GER"]
[SourceTitle "Telechess CBM 141"]
[Source "ChessBase"]
[SourceDate "2011.03.17"]
[SourceVersion "1"]
[SourceVersionDate "2011.03.17"]
[SourceQuality "1"]

1. d4 d5 2. c4 e6 3. Nf3 Nf6 4. g3 Be7 5. Bg2 0-0 6. 0-0 Nc6 7. b3 b6 8. Bb2 Bb7 9. Nbd2 Ne4 10. Nxe4 dxe4 11. Ne1 f5 12. f3 exf3 13. Nxf3 Bf6 14. e3 Ne7 15. Qe2 Qd6 16. Ne1 Bxg2 17. Nxg2 g5 18. Rad1 Rad8 19. e4 Bg7 20. e5 Qd7 21. Qe3 h6 22. h4 gxh4 23. gxh4 Qe8 24. Qf3 Kh7 25. h5 Rg8 26. d5 exd5 27. cxd5 Bh8 28. Rfe1 Qf7 29. Kf2 Rxd5 30. e6 Qf8 31. Rxd5 Bxb2 32. Rd7 Qf6 33. Kf1 Bd4 34. Rxc7 Rg5 35. Rxa7 Bc5 36. Rd7 Kg7 37. Ne3 Kh7 38. b4 Bxb4 39. Nd5 Qd4 40. Nxb4 Rg1+ 41. Ke2 Qb2+ 42. Kd3 Qa3+ 43. Kc4 Qxf3 44. Rxe7+ Rg7 45. Rxg7+ Kxg7 46. e7 b5+ 47. Kxb5 Qb7+ 48. Ka5 Qc7+ 49. Ka4 Qd7+ 50. Ka3 Qe8 51. Na6 Kf6 52. Nc7 Qxe7+ 53. Rxe7 Kxe7 54. Kb3 Kd6 55. Nb5+ Kd5 56. Kc3 f4 57. Kd3 1-0

[Event "LSS WC-2014-P-00024"]
[Site "LSS email"]
[Date "2010.02.18"]
[Round "?"]
[White "Caldwell, Justin"]
[Black "Buczinski, Henryk"]
[Result "1/2-1/2"]
[WhiteElo "2142"]
[BlackElo "2164"]
[PlyCount "132"]
[EventDate "2010.02.24"]
[EventType "tourn (corr)"]
[EventRounds "6"]
[EventCountry "GER"]
[SourceTitle "Telechess CBM 147"]
[Source "ChessBase"]
[SourceDate "2012.03.16"]
[SourceVersion "1"]
[SourceVersionDate "2012.03.16"]
[SourceQuality "1"]

1. d4 Nf6 2. Bg5 Ne4 3. Bf4 c5 4. f3 Qa5+ 5. c3 Nf6 6. Nd2 cxd4 7. Nb3 Qf5 8. Bxb8 Rxb8 9. Qxd4 b6 10. e4 Qf4 11. Nh3 Qc7 12. e5 Ng8 13. 0-0-0 e6 14. Bd3 Ne7 15. Rhe1 Nc6 16. Qe3 Be7 17. Kb1 b5 18. Nf4 g6 19. Rc1 Qb6 20. Qxb6 Rxb6 21. Nd4 a6 22. Nxc6 Rxc6 23. Rcd1 d6 24. Be4 d5 25. Bc2 0-0 26. Ne2 b4 27. Nd4 Rb6 28. cxb4 Bxb4 29. Re2 Bd7 30. f4 Bc5 31. Rd3 a5 32. Bd1 Bc8 33. Nb3 Bg1 34. Rf3 a4 35. Re1 axb3 36. Rxg1 bxa2+ 37. Kxa2 Ba6 38. Ra3 Rc8 39. Kb1 Rbc6 40. Ba4 R6c7 41. Rd1 Kg7 42. g3 h6 43. Bd7 Rxd7 44. Rxa6 Rdc7 45. h4 Rb7 46. Ra3 Rc4 47. Re3 Rcb4 48. Rd2 g5 49. hxg5 hxg5 50. Rf2 Kg6 51. fxg5 Kxg5 52. Ka2 Ra4+ 53. Kb1 Kg4 54. Rf1 Rd4 55. Rf2 Rc4 56. Rf1 Rcb4 57. Rf2 Rd4 58. Kc2 Rc4+ 59. Kb1 Rcb4 60. Kc1 Rc7+ 61. Kb1 Rcc4 62. Rxf7 Re4 63. Rd3 Re2 64. b3 Rxe5 65. Kb2 Rb8 66. Rf4+ Kh5 1/2-1/2

[Event "LSS WC-2014-P-00024"]
[Site "LSS email"]
[Date "2010.02.18"]
[Round "?"]
[White "Evtushenko, Sergey Aleksandrovi"]
[Black "Caldwell, Justin"]
[Result "1-0"]
[WhiteElo "2003"]
[BlackElo "2184"]
[PlyCount "71"]
[EventDate "2010.02.24"]
[EventType "tourn (corr)"]
[EventRounds "6"]
[EventCountry "GER"]
[SourceTitle "Telechess CBM 141"]
[Source "ChessBase"]
[SourceDate "2011.03.17"]
[SourceVersion "1"]
[SourceVersionDate "2011.03.17"]
[SourceQuality "1"]

1. e4 c5 2. Nf3 Nc6 3. d4 cxd4 4. Nxd4 Nf6 5. Nc3 e5 6. Ndb5 d6 7. Bg5 a6 8. Na3 b5 9. Bxf6 gxf6 10. Nd5 f5 11. c3 Bg7 12. Bd3 Be6 13. Nxb5 axb5 14. Bxb5 Bd7 15. exf5 0-0 16. 0-0 Rb8 17. a4 Re8 18. Qg4 Kh8 19. Qe4 f6 20. Rfd1 Ne7 21. Bxd7 Qxd7 22. b4 Rec8 23. Nxe7 Qxe7 24. b5 Rxc3 25. Qb4 Rc6 26. a5 Bf8 27. Rdb1 Ra6 28. h3 Qf7 29. bxa6 Rxb4 30. Rxb4 Qa7 31. Rb6 Qa8 32. Rc1 Be7 33. Rb7 Bf8 34. Rcc7 Qxa6 35. Ra7 Qb5 36. Ra8 1-0

[Event "LSS SA-2009-0-00059"]
[Site "LSS email"]
[Date "2009.05.25"]
[Round "?"]
[White "Prochazka, Dalibor"]
[Black "Caldwell, Justin"]
[Result "0-1"]
[WhiteElo "2047"]
[BlackElo "2205"]
[PlyCount "92"]
[EventDate "2009.04.22"]
[EventType "tourn (corr)"]
[EventRounds "6"]
[EventCountry "GER"]
[SourceTitle "Telechess CBM 137"]
[Source "ChessBase"]
[SourceDate "2010.07.15"]
[SourceVersion "1"]
[SourceVersionDate "2010.07.15"]
[SourceQuality "1"]

1. d4 Nf6 2. c4 e6 3. Nc3 Bb4 4. e3 0-0 5. Bd3 d5 6. Nf3 c5 7. 0-0 dxc4 8. Bxc4 Nbd7 9. a3 cxd4 10. axb4 dxc3 11. Qc2 b6 12. Rd1 Qc7 13. Bd3 Bb7 14. Qxc3 Qb8 15. Be2 Rc8 16. Qd4 e5 17. Qh4 Qc7 18. Ne1 Nf8 19. b5 Be4 20. f3 Ng6 21. Qf2 Bd5 22. e4 Be6 23. Be3 Qe7 24. Bf1 Ne8 25. g3 Nd6 26. Qd2 Nc4 27. Bxc4 Bxc4 28. Qd7 Qb4 29. Rxa7 Qxb2 30. Bxb6 Qe2 31. Kh1 Nf8 32. Rxa8 Rxa8 33. Qd2 Qf1+ 34. Bg1 Ra2 35. Qc3 h5 36. Rd8 Be6 37. g4 hxg4 38. fxg4 Bxg4 39. Qd3 Qxe1 40. Rxf8+ Kh7 41. Rxf7 Ra3 42. Qc2 Bf3+ 43. Rxf3 Rxf3 44. b6 Rb3 45. Qg2 Qd1 46. b7 Qh5 0-1

[Event "LSS SA-2009-0-00059"]
[Site "LSS email"]
[Date "2009.05.25"]
[Round "?"]
[White "Sciarretta, Robert W"]
[Black "Caldwell, Justin"]
[Result "0-1"]
[WhiteElo "2125"]
[BlackElo "2192"]
[PlyCount "84"]
[EventDate "2009.04.22"]
[EventType "tourn (corr)"]
[EventRounds "6"]
[EventCountry "GER"]
[SourceTitle "Corr 2011"]
[Source "ChessBase"]
[SourceDate "2010.08.31"]
[SourceVersion "1"]
[SourceVersionDate "2010.08.31"]
[SourceQuality "1"]

1. d4 Nf6 2. c4 e6 3. Nc3 Bb4 4. e3 0-0 5. Bd3 d5 6. Nge2 c5 7. cxd5 cxd4 8. exd4 Nxd5 9. 0-0 Nc6 10. Be3 Nxe3 11. fxe3 e5 12. Be4 exd4 13. Nxd4 Qg5 14. Re1 Qh6 15. h3 Bd7 16. Qb3 Rab8 17. Rad1 Bd6 18. Qd5 Ne7 19. Qc4 Kh8 20. Qd3 Rfd8 21. Qf1 f5 22. Bxf5 Rf8 23. e4 Bg3 24. Re2 g6 25. Nf3 Bxf5 26. exf5 Nxf5 27. Rd7 Rfd8 28. Rxd8+ Rxd8 29. Re4 Qf8 30. Qc4 b5 31. Qb4 Qf6 32. Qc5 a5 33. a3 h5 34. Kh1 b4 35. axb4 axb4 36. Qxb4 Bd6 37. Qa5 Ng3+ 38. Kg1 Nxe4 39. Nxe4 Qe7 40. Nxd6 Rxd6 41. Qc3+ Qf6 42. Qc1 Rd5 0-1